[Event "14PCR-PF01"]
[Site "?"]
[Date "2003.??.??"]
[Round "?"]
[White "Pecka, Josef"]
[Black "Koci, Vladimir"]
[Result "1-0"]
[WhiteElo "2285"]
[BlackElo "2220"]
[PlyCount "65"]
[EventDate "2003.??.??"]
[EventType "corr"]
[EventRounds "2"]
[SourceDate "2004.??.??"]

1. e4 c5 2. Nf3 d6 3. d4 cxd4 4. Nxd4 Nf6 5. Nc3 g6 6. Be3 Bg7 7. f3 O-O 8. Bc4
Nbd7 9. Qd2 Ne5 10. Bb3 Re8 11. O-O-O Bd7 12. f4 Neg4 13. h3 Nxe3 14. Qxe3 e5
15. fxe5 dxe5 16. Ndb5 Qb8 17. g4 Rd8 18. Rhf1 Bxb5 19. Nxb5 a6 20. Nc3 Rxd1+
21. Rxd1 Qc7 22. g5 Nd7 23. h4 Nb6 24. Qf2 Rf8 25. h5 gxh5 26. Qh4 Qc5 27. Qxh5
Nc4 28. Nd5 Na5 29. Rh1 Nxb3+ 30. axb3 Rc8 31. c4 Rd8 32. Qxh7+ Kf8 33. Rf1 1-0

[Event "14PCR-PF01"]
[Site "?"]
[Date "2003.??.??"]
[Round "?"]
[White "Koci, Vladimir"]
[Black "Pecka, Josef"]
[Result "1-0"]
[WhiteElo "2220"]
[BlackElo "2285"]
[PlyCount "97"]
[EventDate "2003.??.??"]
[EventType "corr"]
[EventRounds "2"]
[SourceDate "2004.??.??"]

1. d4 d5 2. Nf3 Nf6 3. Bf4 c5 4. e3 Qb6 5. Qc1 Nc6 6. c3 Ne4 7. Nbd2 Bf5 8. Be2
Rc8 9. Nxe4 dxe4 10. Nd2 cxd4 11. Nc4 Qd8 12. exd4 Nxd4 13. cxd4 b5 14. O-O
bxc4 15. Bxc4 g6 16. Be5 f6 17. Bf4 Qxd4 18. b3 e5 19. Be3 Qd6 20. Rd1 Qc6 21.
Bxa7 Be6 22. Bxe6 Qxe6 23. Qb2 Ra8 24. Be3 Be7 25. b4 O-O 26. a4 f5 27. b5 f4
28. Bd2 Qf5 29. Qb3+ Rf7 30. h3 e3 31. fxe3 f3 32. e4 Qxe4 33. Rf1 Raf8 34.
Rae1 Bc5+ 35. Be3 fxg2 36. Bxc5 gxf1=Q+ 37. Rxf1 Kg7 38. Bxf8+ Rxf8 39. Rxf8
Kxf8 40. Kf2 Qd4+ 41. Ke2 Qe4+ 42. Kd2 Ke8 43. b6 Qg2+ 44. Kc1 Qg1+ 45. Kb2
Qf2+ 46. Ka3 Qf8+ 47. Qb4 Qf3+ 48. Kb2 Qg2+ 49. Kb3 1-0

[Event "14PCR-PF01"]
[Site "?"]
[Date "2003.??.??"]
[Round "?"]
[White "Pecka, Josef"]
[Black "Struzka, Vlastimil"]
[Result "1-0"]
[WhiteElo "2285"]
[BlackElo "2165"]
[PlyCount "39"]
[EventDate "2003.??.??"]
[EventType "corr"]
[EventRounds "2"]
[SourceDate "2004.??.??"]

1. e4 d6 2. d4 Nf6 3. Nc3 g6 4. f4 Bg7 5. Nf3 O-O 6. Bd3 Nc6 7. O-O Bg4 8. e5
dxe5 9. dxe5 Nd5 10. Qe1 Ncb4 11. Nxd5 Nxd3 12. Nxe7+ Qxe7 13. cxd3 Rfe8 14.
Qc3 Qd7 15. d4 Bxf3 16. Qxf3 Qxd4+ 17. Be3 Qxb2 18. Rfb1 Qc3 19. Rc1 b6 20.
Rxc3 1-0

[Event "14PCR-PF01"]
[Site "?"]
[Date "2003.??.??"]
[Round "?"]
[White "Struzka, Vlastimil"]
[Black "Pecka, Josef"]
[Result "0-1"]
[WhiteElo "2165"]
[BlackElo "2285"]
[PlyCount "112"]
[EventDate "2003.??.??"]
[EventType "corr"]
[EventRounds "2"]
[SourceDate "2004.??.??"]

1. d4 d5 2. c4 dxc4 3. e3 e5 4. Bxc4 exd4 5. exd4 Nf6 6. Qb3 Qe7+ 7. Ne2 Nbd7
8. O-O Nb6 9. Nbc3 Be6 10. Bxe6 Qxe6 11. Qxe6+ fxe6 12. Nf4 Kd7 13. Nd3 Bd6 14.
Re1 Rhe8 15. b3 Nbd5 16. Na4 b6 17. Ne5+ Bxe5 18. dxe5 Ng8 19. Nb2 Nge7 20. Nc4
Rf8 21. Bd2 a5 22. Rad1 Nf5 23. h3 c5 24. Re4 Kc6 25. Rc1 Ra7 26. Nb2 Rd7 27.
a3 Nc7 28. Be1 Nd4 29. b4 axb4 30. axb4 Ra8 31. bxc5 Nb3 32. Rc3 Nxc5 33. Rc1
Ra2 34. Re2 Nd5 35. Kf1 Nf4 36. Rec2 Ng6 37. Bc3 Nb3 38. Re1 Kb7 39. g3 Rc7 40.
Ree2 Ne7 41. Bb4 Rxc2 42. Rxc2 Nd5 43. Bd6 b5 44. Kg2 g5 45. Re2 b4 46. Bf8 Kc6
47. Rc2+ Kb5 48. Bd6 h5 49. Bf8 Nc3 50. g4 hxg4 51. hxg4 Nd5 52. Kg3 Nd4 53.
Rc5+ Ka6 54. Nc4 b3 55. Rc8 Rc2 56. Ba3 Rc3+ 0-1

[Event "14PCR-PF01"]
[Site "?"]
[Date "2003.??.??"]
[Round "?"]
[White "Pecka, Josef"]
[Black "Zahour, Jiri"]
[Result "0-1"]
[WhiteElo "2285"]
[BlackElo "2160"]
[PlyCount "106"]
[EventDate "2003.??.??"]
[EventType "corr"]
[EventRounds "2"]
[SourceDate "2004.??.??"]

1. e4 Nf6 2. d4 Nxe4 3. Bd3 d5 4. Nd2 Nd6 5. Ngf3 Bf5 6. Nb3 Bxd3 7. Qxd3 e6 8.
O-O Be7 9. Bf4 O-O 10. Rfe1 Nd7 11. a4 Nf5 12. a5 a6 13. c4 dxc4 14. Qxc4 c6
15. Be5 Nxe5 16. dxe5 Qd5 17. Rac1 Rfd8 18. Qa4 Qd3 19. Rc4 Rd5 20. Nc1 Qb1 21.
Ne2 Qxb2 22. Nc3 Rc5 23. Rb1 Rxc4 24. Qxc4 Qa3 25. Qb3 Qxb3 26. Rxb3 Rb8 27. g4
Nh6 28. g5 Nf5 29. Ne4 Bd8 30. Nc5 b5 31. axb6 Rxb6 32. Rxb6 Bxb6 33. Nxa6 Nd4
34. Nd2 Ba5 35. Nc4 Bd8 36. f4 Ne2+ 37. Kf2 Nxf4 38. h4 Ng6 39. Kg3 h5 40. Nb8
Kf8 41. Nxc6 Bc7 42. Kh3 Ke8 43. Kg3 Kd7 44. Nb4 Nxe5 45. Nxe5+ Bxe5+ 46. Kf3
f5 47. gxf6 gxf6 48. Nd3 Bd6 49. Nc1 e5 50. Ne2 Ke6 51. Nc3 f5 52. Ke3 Be7 53.
Ne2 Bxh4 0-1

[Event "14PCR-PF01"]
[Site "?"]
[Date "2003.??.??"]
[Round "?"]
[White "Zahour, Jiri"]
[Black "Pecka, Josef"]
[Result "1/2-1/2"]
[WhiteElo "2160"]
[BlackElo "2285"]
[PlyCount "107"]
[EventDate "2003.??.??"]
[EventType "corr"]
[EventRounds "2"]
[SourceDate "2004.??.??"]

1. e4 e6 2. d4 d5 3. Nc3 Nf6 4. Bg5 Be7 5. e5 Nfd7 6. Bxe7 Qxe7 7. f4 O-O 8.
Nf3 c5 9. dxc5 Nc6 10. Bd3 f6 11. exf6 Qxf6 12. g3 Nxc5 13. O-O Bd7 14. Qd2
Nxd3 15. cxd3 Be8 16. Rfe1 Bg6 17. Ne5 Rac8 18. Nb5 Rfd8 19. d4 a6 20. Nc3 Nxe5
21. Rxe5 b5 22. Rae1 Bf5 23. Nd1 Qf7 24. Ne3 Be4 25. Qb4 Rc6 26. Nd1 Rdc8 27.
Nf2 Bf5 28. Qa3 Qg6 29. R1e2 Rb8 30. Kg2 b4 31. Qb3 Rc5 32. Qe3 b3 33. a3 Rc2
34. Kf1 Rb6 35. Qf3 Qf6 36. g4 Bg6 37. f5 Be8 38. Kg1 Bb5 39. Qxb3 Rxe2 40.
Rxe2 Qxd4 41. Rxe6 Rxe6 42. fxe6 Qe5 43. Kg2 Qxe6 44. Qc3 g5 45. b3 Kf7 46. Qd4
h6 47. a4 Be2 48. h3 Kg8 49. Qc5 Kf7 50. b4 Bc4 51. b5 axb5 52. axb5 d4 53. Kh2
Qd5 54. Qc7+ 1/2-1/2

[Event "14PCR-PF01"]
[Site "?"]
[Date "2003.??.??"]
[Round "?"]
[White "Pecka, Josef"]
[Black "Kesl, Ervin"]
[Result "1-0"]
[WhiteElo "2285"]
[BlackElo "2125"]
[PlyCount "37"]
[EventDate "2003.??.??"]
[EventType "corr"]
[EventRounds "2"]
[SourceDate "2004.??.??"]

1. e4 e5 2. f4 exf4 3. Bc4 Nf6 4. Nc3 c6 5. Bb3 d5 6. exd5 cxd5 7. d4 Bd6 8.
Nge2 O-O 9. Bxf4 Bxf4 10. Nxf4 Re8+ 11. Nfe2 Ng4 12. O-O Ne3 13. Qd3 Nxf1 14.
Rxf1 Bg4 15. Nf4 Nc6 16. Ncxd5 Na5 17. Ba4 Bd7 18. Nh5 Bxa4 19. Qg3 1-0

[Event "14PCR-PF01"]
[Site "?"]
[Date "2003.??.??"]
[Round "?"]
[White "Kesl, Ervin"]
[Black "Pecka, Josef"]
[Result "0-1"]
[WhiteElo "2125"]
[BlackElo "2285"]
[PlyCount "40"]
[EventDate "2003.??.??"]
[EventType "corr"]
[EventRounds "2"]
[SourceDate "2004.??.??"]

1. e4 e6 2. d4 d5 3. Nd2 Nf6 4. e5 Nfd7 5. Bd3 c5 6. c3 Nc6 7. Ne2 Qb6 8. Nf3
cxd4 9. cxd4 f6 10. exf6 Nxf6 11. O-O Bd6 12. Bf4 Bxf4 13. Nxf4 O-O 14. Qd2
Nxd4 15. Nxd4 e5 16. Nxd5 Nxd5 17. Nf3 Rxf3 18. gxf3 Nf4 19. Rfd1 Bh3 20. Bf1
Qg6+ 0-1

[Event "14PCR-PF01"]
[Site "?"]
[Date "2003.??.??"]
[Round "?"]
[White "Pecka, Josef"]
[Black "Prib, Josef"]
[Result "1-0"]
[WhiteElo "2285"]
[BlackElo "2100"]
[PlyCount "39"]
[EventDate "2003.??.??"]
[EventType "corr"]
[EventRounds "2"]
[SourceDate "2004.??.??"]

1. e4 d6 2. d4 Nf6 3. Nc3 g6 4. f4 Bg7 5. Nf3 O-O 6. Bd3 Bg4 7. h3 Bxf3 8. Qxf3
Nc6 9. Be3 e5 10. dxe5 dxe5 11. f5 Nd4 12. Qf2 c6 13. O-O-O gxf5 14. exf5 Re8
15. Ne4 Nd5 16. Rhf1 Qb6 17. Kb1 f6 18. g4 Nxe3 19. Qxe3 Kh8 20. g5 1-0

[Event "14PCR-PF01"]
[Site "?"]
[Date "2003.??.??"]
[Round "?"]
[White "Prib, Josef"]
[Black "Pecka, Josef"]
[Result "0-1"]
[WhiteElo "2100"]
[BlackElo "2285"]
[PlyCount "60"]
[EventDate "2003.??.??"]
[EventType "corr"]
[EventRounds "2"]
[SourceDate "2004.??.??"]

1. c4 Nf6 2. Nf3 c5 3. Nc3 d5 4. cxd5 Nxd5 5. g3 Nc6 6. Bg2 Nxc3 7. bxc3 e5 8.
O-O Be7 9. Rb1 O-O 10. d3 Rb8 11. Ne1 Be6 12. f4 Bxa2 13. Ra1 Bd5 14. e4 Be6
15. fxe5 Qd7 16. Nf3 Rbd8 17. d4 cxd4 18. cxd4 Nxd4 19. Nxd4 Qxd4+ 20. Qxd4
Rxd4 21. Be3 Rd3 22. Bxa7 b5 23. Rfc1 b4 24. Rc7 Bg5 25. h4 Bd2 26. Kf2 Bc3 27.
Bf1 Rd2+ 28. Ke3 Bxa1 29. Kxd2 Bxe5 30. Rb7 b3 0-1

[Event "14PCR-PF01"]
[Site "?"]
[Date "2003.??.??"]
[Round "?"]
[White "Pecka, Josef"]
[Black "Novak, Vaclav"]
[Result "1-0"]
[WhiteElo "2285"]
[BlackElo "1800"]
[PlyCount "55"]
[EventDate "2003.??.??"]
[EventType "corr"]
[EventRounds "2"]
[SourceDate "2004.??.??"]

1. e4 c5 2. Nf3 Nc6 3. d4 cxd4 4. Nxd4 Nf6 5. Nc3 d6 6. Bg5 Qa5 7. Bb5 Bd7 8.
Nb3 Qc7 9. O-O e6 10. Qf3 Be7 11. Be2 a6 12. Qg3 O-O-O 13. Rfd1 h6 14. Be3 Ne5
15. f4 Nc4 16. Bxc4 Qxc4 17. e5 Ne8 18. Bb6 dxe5 19. fxe5 Nc7 20. a3 Qh4 21.
Qxh4 Bxh4 22. Ne4 Kb8 23. Rf1 Be8 24. Nd6 Rf8 25. Nc5 Bc6 26. c4 Bg5 27. Rae1
Be7 28. Rd1 1-0

[Event "14PCR-PF01"]
[Site "?"]
[Date "2003.??.??"]
[Round "?"]
[White "Novak, Vaclav"]
[Black "Pecka, Josef"]
[Result "0-1"]
[WhiteElo "1800"]
[BlackElo "2285"]
[PlyCount "72"]
[EventDate "2003.??.??"]
[EventType "corr"]
[EventRounds "2"]
[SourceDate "2004.??.??"]

1. e4 e6 2. d4 d5 3. exd5 exd5 4. Bd3 Nc6 5. c3 Bd6 6. Nf3 Nge7 7. Qc2 Bg4 8.
Nbd2 Qd7 9. O-O Bf5 10. Re1 Bxd3 11. Qxd3 O-O 12. Nf1 Ng6 13. Bd2 a6 14. Ng3
Bxg3 15. hxg3 Rfe8 16. Rxe8+ Rxe8 17. Re1 Rxe1+ 18. Nxe1 Nd8 19. b3 a5 20. c4
b6 21. Nf3 Ne6 22. cxd5 Qxd5 23. Qc4 Ne7 24. Be3 b5 25. Qc2 h5 26. Qd2 b4 27.
Ng5 Nxg5 28. Bxg5 Nf5 29. Be3 g6 30. Qd3 Kg7 31. Kh2 a4 32. f3 c5 33. bxa4 c4
34. Qd2 c3 35. Qd3 Nxe3 36. Qxe3 c2 0-1

[Event "14PCR-PF01"]
[Site "?"]
[Date "2003.??.??"]
[Round "?"]
[White "Koci, Vladimir"]
[Black "Struzka, Vlastimil"]
[Result "1/2-1/2"]
[WhiteElo "2220"]
[BlackElo "2165"]
[PlyCount "129"]
[EventDate "2003.??.??"]
[EventType "corr"]
[EventRounds "2"]
[SourceDate "2004.??.??"]

1. d4 d5 2. Nf3 c6 3. Bf4 Qb6 4. Qc1 Nf6 5. e3 Bf5 6. Nbd2 e6 7. Be2 Be7 8. h3
c5 9. c3 O-O 10. Ne5 Nfd7 11. Ndf3 Nxe5 12. Nxe5 f6 13. Nf3 Be4 14. Qd2 Nd7 15.
h4 e5 16. dxe5 Nxe5 17. Nxe5 fxe5 18. Bxe5 Qe6 19. f4 Bf6 20. Bxf6 Rxf6 21. Rg1
Rd8 22. g4 d4 23. Rg3 d3 24. g5 Rff8 25. Bg4 Qd5 26. h5 Rd6 27. b3 c4 28. bxc4
Qxc4 29. Bd1 Kh8 30. Bb3 Qc6 31. c4 Qe8 32. Rh3 Qd7 33. Rh4 Qe7 34. h6 Rxh6 35.
Rxh6 gxh6 36. Qc3+ Qg7 37. Qxg7+ Kxg7 38. gxh6+ Kxh6 39. Kd2 Kg7 40. Rg1+ Kf6
41. Rg5 Re8 42. Ra5 a6 43. Rh5 Kg6 44. Rg5+ Kf6 45. c5 h6 46. Rh5 Kg6 47. Bd1
Re7 48. Bg4 Re8 49. Rh3 Re7 50. Bf3 Bxf3 51. Rxf3 Rd7 52. Rg3+ Kf5 53. Rh3 Kg6
54. Rh2 a5 55. e4 h5 56. Ke3 h4 57. Kd2 Kh5 58. Rg2 h3 59. Rg1 Kh4 60. f5 h2
61. Rh1 Kg3 62. f6 Kf4 63. Rxh2 Kxe4 64. Rf2 Rf7 65. Rf1 1/2-1/2

[Event "14PCR-PF01"]
[Site "?"]
[Date "2003.??.??"]
[Round "?"]
[White "Struzka, Vlastimil"]
[Black "Koci, Vladimir"]
[Result "0-1"]
[WhiteElo "2165"]
[BlackElo "2220"]
[PlyCount "117"]
[EventDate "2003.??.??"]
[EventType "corr"]
[EventRounds "2"]
[SourceDate "2004.??.??"]

1. Nf3 Nf6 2. d4 d5 3. Bf4 g6 4. e3 Bg7 5. Bd3 O-O 6. c3 Nbd7 7. O-O c5 8. Nbd2
b6 9. Re1 Bb7 10. Rc1 c4 11. Bc2 b5 12. e4 dxe4 13. Nxe4 Nd5 14. Qd2 Nxf4 15.
Qxf4 Qb6 16. Re3 f6 17. Qh4 e5 18. Ned2 Rad8 19. b3 Bd5 20. bxc4 bxc4 21. Rb1
Qa6 22. a4 Rb8 23. Rb4 Rxb4 24. cxb4 Qb6 25. b5 exd4 26. Qxd4 Qxd4 27. Nxd4 Ne5
28. f4 Bh6 29. g3 Rd8 30. Ne4 Ng4 31. Re2 Bf8 32. Nc6 Bxe4 33. Bxe4 Bc5+ 34.
Kg2 Rd1 35. Bf3 Rg1+ 36. Kh3 Ne3 37. Ne7+ Kf8 38. Nd5 Nxd5 39. Bxd5 c3 40. Bb3
f5 41. Bc2 Kf7 42. Bb3+ Kg7 43. Re8 Rb1 44. Rc8 Bd4 45. Bc2 Rb2 46. Rc4 Bf6 47.
Rc7+ Kf8 48. Bd3 Rd2 49. Bc4 Bd4 50. Bb3 Rb2 51. Bd1 Bg1 52. g4 Rxh2+ 53. Kg3
h5 54. gxh5 gxh5 55. Rc8+ Ke7 56. Bxh5 Rxh5 57. Rxc3 Bh2+ 58. Kg2 Bxf4 59. Rf3
0-1

[Event "14PCR-PF01"]
[Site "?"]
[Date "2003.??.??"]
[Round "?"]
[White "Koci, Vladimir"]
[Black "Zahour, Jiri"]
[Result "1/2-1/2"]
[WhiteElo "2220"]
[BlackElo "2160"]
[PlyCount "55"]
[EventDate "2003.??.??"]
[EventType "corr"]
[EventRounds "2"]
[SourceDate "2004.??.??"]

1. d4 d5 2. Nf3 Nf6 3. Bf4 c5 4. e3 Qb6 5. Qc1 cxd4 6. exd4 Bf5 7. Be2 Nc6 8.
c3 e6 9. Nh4 Be4 10. Nd2 Rd8 11. Nxe4 dxe4 12. g4 Nd5 13. Bg3 Bd6 14. Qc2 O-O
15. Ng2 e5 16. Ne3 Nxe3 17. fxe3 exd4 18. exd4 Qa5 19. Bxd6 Nxd4 20. Qxe4 Rxd6
21. Rd1 Rfd8 22. b4 Qc7 23. cxd4 Re6 24. Qf3 Rde8 25. d5 Rxe2+ 26. Qxe2 Qc3+
27. Kf1 Rxe2 28. Kxe2 1/2-1/2

[Event "14PCR-PF01"]
[Site "?"]
[Date "2003.??.??"]
[Round "?"]
[White "Zahour, Jiri"]
[Black "Koci, Vladimir"]
[Result "1-0"]
[WhiteElo "2160"]
[BlackElo "2220"]
[PlyCount "55"]
[EventDate "2003.??.??"]
[EventType "corr"]
[EventRounds "2"]
[SourceDate "2004.??.??"]

1. e4 c5 2. Nf3 d6 3. Bb5+ Bd7 4. Bxd7+ Nxd7 5. O-O Ngf6 6. Qe2 e6 7. d3 Be7 8.
Ng5 O-O 9. f4 h6 10. Nh3 b5 11. Be3 Qc7 12. g4 g6 13. g5 Nh5 14. gxh6 d5 15.
exd5 exd5 16. Qg2 d4 17. Bd2 Kh8 18. Na3 Rab8 19. Ng5 c4 20. Rae1 Bxa3 21. bxa3
c3 22. Bc1 Ndf6 23. f5 Rg8 24. Re5 Qd7 25. Qe2 Rb7 26. fxg6 Rxg6 27. Kh1 b4 28.
Qf3 1-0

[Event "14PCR-PF01"]
[Site "?"]
[Date "2003.??.??"]
[Round "?"]
[White "Koci, Vladimir"]
[Black "Kesl, Ervin"]
[Result "1-0"]
[WhiteElo "2220"]
[BlackElo "2125"]
[PlyCount "83"]
[EventDate "2003.??.??"]
[EventType "corr"]
[EventRounds "2"]
[SourceDate "2004.??.??"]

1. d4 d5 2. Nf3 Nf6 3. Bf4 c5 4. e3 cxd4 5. exd4 Nc6 6. Nbd2 g6 7. c3 Bg7 8.
Bd3 O-O 9. h3 Nh5 10. Bh2 Bh6 11. O-O a6 12. Re1 Ng7 13. a4 Bf5 14. Be2 Bc8 15.
Nb3 f6 16. Bd3 b6 17. Qe2 Rf7 18. Nbd2 Nh5 19. Qd1 Bf4 20. Bc2 Bxh2+ 21. Nxh2
e5 22. dxe5 fxe5 23. c4 Be6 24. Bb3 Rxf2 25. Nhf3 dxc4 26. Bxc4 Bxc4 27. Kxf2
Bd5 28. Re3 Qf8 29. Kg1 Rd8 30. Nxe5 Qc5 31. Ng4 Nf4 32. Nb3 Qd6 33. g3 Nxh3+
34. Kh2 Nf4 35. Nd4 Bc4 36. Nxc6 Qd2+ 37. Qxd2 Rxd2+ 38. Kh1 Bd5+ 39. Kg1 Nh3+
40. Kf1 Bxc6 41. b3 Kg7 42. Rc1 1-0

[Event "14PCR-PF01"]
[Site "?"]
[Date "2003.??.??"]
[Round "?"]
[White "Kesl, Ervin"]
[Black "Koci, Vladimir"]
[Result "1/2-1/2"]
[WhiteElo "2125"]
[BlackElo "2220"]
[PlyCount "100"]
[EventDate "2003.??.??"]
[EventType "corr"]
[EventRounds "2"]
[SourceDate "2004.??.??"]

1. e4 c5 2. Nf3 d6 3. Bb5+ Bd7 4. Bxd7+ Nxd7 5. d4 cxd4 6. Qxd4 Ngf6 7. Nc3 g6
8. Bg5 Bg7 9. O-O-O O-O 10. e5 dxe5 11. Nxe5 Nxe5 12. Qxe5 Qb6 13. Qxe7 Rfe8
14. Qd6 Ng4 15. Bh4 g5 16. Bg3 Bxc3 17. bxc3 Qxd6 18. Rxd6 Re2 19. Rd5 f6 20.
Rf1 Rae8 21. h3 Ne5 22. Bxe5 R8xe5 23. Rxe5 Rxe5 24. Rd1 Re2 25. Rd2 Re1+ 26.
Kb2 h5 27. Rd7 Re2 28. Rxb7 Rxf2 29. c4 Kf8 30. c5 Ke8 31. c6 Kd8 32. Rxa7 Rxg2
33. a4 Re2 34. a5 Re6 35. Rd7+ Kc8 36. a6 Rxc6 37. a7 Ra6 38. Rg7 g4 39. hxg4
hxg4 40. Kc3 f5 41. Kd4 f4 42. c4 f3 43. Ke3 Ra3+ 44. Kf2 Ra2+ 45. Kg3 f2 46.
Kg2 g3 47. c5 Ra1 48. Rf7 f1=Q+ 49. Rxf1 Rxa7 50. Kxg3 Kb7 1/2-1/2

[Event "14PCR-PF01"]
[Site "?"]
[Date "2003.??.??"]
[Round "?"]
[White "Koci, Vladimir"]
[Black "Prib, Josef"]
[Result "1-0"]
[WhiteElo "2220"]
[BlackElo "2100"]
[PlyCount "69"]
[EventDate "2003.??.??"]
[EventType "corr"]
[EventRounds "2"]
[SourceDate "2004.??.??"]

1. d4 Nf6 2. Nf3 d5 3. Bf4 c6 4. Nbd2 Bf5 5. e3 e6 6. Be2 h6 7. Ne5 Nbd7 8.
Ndf3 Nxe5 9. Nxe5 Qb6 10. Qc1 g5 11. Bg3 Bg7 12. f3 c5 13. e4 dxe4 14. Nc4 Qc6
15. Nd6+ Kf8 16. c3 cxd4 17. cxd4 Qb6 18. Qc5 Qxc5 19. dxc5 Bg6 20. Nxb7 Nd5
21. O-O-O Rc8 22. Bb5 Nb4 23. a3 Nd3+ 24. Bxd3 exd3 25. b4 Bc3 26. Nd6 d2+ 27.
Rxd2 Bxd2+ 28. Kxd2 Rc7 29. Be5 f6 30. Bxf6 Rhh7 31. Re1 Rhd7 32. Rxe6 Bf7 33.
Re3 Rc6 34. Be5 a6 35. Kc3 1-0

[Event "14PCR-PF01"]
[Site "?"]
[Date "2003.??.??"]
[Round "?"]
[White "Prib, Josef"]
[Black "Koci, Vladimir"]
[Result "0-1"]
[WhiteElo "2100"]
[BlackElo "2220"]
[PlyCount "38"]
[EventDate "2003.??.??"]
[EventType "corr"]
[EventRounds "2"]
[SourceDate "2004.??.??"]

1. c4 Nf6 2. Nf3 e6 3. g3 d5 4. cxd5 exd5 5. Bg2 Be7 6. O-O O-O 7. d4 Nbd7 8.
Nc3 Nb6 9. Bf4 Bf5 10. Rc1 c6 11. Re1 Nc4 12. b3 Nd6 13. Ne5 Nde4 14. Nxe4 dxe4
15. Bg5 h6 16. Bxf6 Bxf6 17. Rc5 Bh7 18. Qc2 Be7 19. Ng4 Bxc5 0-1

[Event "14PCR-PF01"]
[Site "?"]
[Date "2003.??.??"]
[Round "?"]
[White "Koci, Vladimir"]
[Black "Novak, Vaclav"]
[Result "1-0"]
[WhiteElo "2220"]
[BlackElo "1800"]
[PlyCount "53"]
[EventDate "2003.??.??"]
[EventType "corr"]
[EventRounds "2"]
[SourceDate "2004.??.??"]

1. d4 Nf6 2. Nf3 g6 3. Bf4 Bg7 4. e3 O-O 5. Nbd2 d6 6. Bd3 c5 7. c3 b6 8. Qc2
Nbd7 9. O-O-O Bb7 10. h4 Rc8 11. h5 Nxh5 12. Rxh5 gxh5 13. Bxh7+ Kh8 14. Be4 d5
15. Bd3 Nf6 16. Rh1 Kg8 17. g4 c4 18. Bf5 e6 19. gxh5 exf5 20. h6 Qd7 21. hxg7
Rfe8 22. Ne5 Rxe5 23. dxe5 Ne8 24. Qd1 Nxg7 25. Rh3 Qe7 26. Qh1 f6 27. exf6 1-0

[Event "14PCR-PF01"]
[Site "?"]
[Date "2003.??.??"]
[Round "?"]
[White "Novak, Vaclav"]
[Black "Koci, Vladimir"]
[Result "0-1"]
[WhiteElo "1800"]
[BlackElo "2220"]
[PlyCount "80"]
[EventDate "2003.??.??"]
[EventType "corr"]
[EventRounds "2"]
[SourceDate "2004.??.??"]

1. d4 Nf6 2. c4 e6 3. Nf3 d5 4. e3 c5 5. Nc3 Nc6 6. a3 dxc4 7. Bxc4 a6 8. O-O
b5 9. Ba2 Bb7 10. Qe2 cxd4 11. Rd1 Bd6 12. exd4 O-O 13. Bg5 Re8 14. Ne4 Be7 15.
Bxf6 Bxf6 16. Rac1 Ne7 17. Nxf6+ gxf6 18. Ne1 Bd5 19. Bb1 Qd6 20. Rc3 Ng6 21.
Qh5 Qf8 22. Rdc1 f5 23. Qe2 Qg7 24. Qd2 Rad8 25. Rd1 Rd7 26. Qc1 Red8 27. Rc7
Rd6 28. Qg5 Bc4 29. Nc2 Ne5 30. Qe3 Nc6 31. g3 e5 32. Re1 f4 33. Qf3 Bd5 34.
Qh5 exd4 35. Nb4 Nxb4 36. axb4 fxg3 37. fxg3 d3 38. Re5 Bc4 39. Rd7 R6xd7 40.
Rg5 Qg6 0-1

[Event "14PCR-PF01"]
[Site "?"]
[Date "2003.??.??"]
[Round "?"]
[White "Struzka, Vlastimil"]
[Black "Zahour, Jiri"]
[Result "0-1"]
[WhiteElo "2165"]
[BlackElo "2160"]
[PlyCount "84"]
[EventDate "2003.??.??"]
[EventType "corr"]
[EventRounds "2"]
[SourceDate "2004.??.??"]

1. Nf3 Nf6 2. c4 e6 3. Nc3 Bb4 4. e4 Bxc3 5. dxc3 Nxe4 6. Bd3 Nf6 7. O-O O-O 8.
Re1 d6 9. Bg5 h6 10. Bh4 e5 11. c5 Nbd7 12. cxd6 cxd6 13. Bc2 Nb6 14. Nd2 g5
15. Bg3 Bg4 16. f3 Be6 17. Ne4 Nxe4 18. Bxe4 Qc7 19. Bc2 f5 20. Rc1 Rac8 21.
Bf2 Rf6 22. b3 Bf7 23. c4 d5 24. f4 e4 25. fxg5 hxg5 26. Qd2 f4 27. Bd4 Rh6 28.
Qe2 Bh5 29. Qd2 Bg6 30. a4 e3 31. Qe2 Bxc2 32. Qxc2 Qf7 33. Qd1 dxc4 34. Bxb6
Rxb6 35. Rxc4 Rxc4 36. bxc4 Qe7 37. Qd5+ Kg7 38. Qd4+ Kg6 39. h4 Rd6 40. Qxa7
Qc7 41. hxg5 Rd2 42. Rd1 Rxd1+ 0-1

[Event "14PCR-PF01"]
[Site "?"]
[Date "2003.??.??"]
[Round "?"]
[White "Zahour, Jiri"]
[Black "Struzka, Vlastimil"]
[Result "1/2-1/2"]
[WhiteElo "2160"]
[BlackElo "2165"]
[PlyCount "102"]
[EventDate "2003.??.??"]
[EventType "corr"]
[EventRounds "2"]
[SourceDate "2004.??.??"]

1. e4 c5 2. Nf3 Nc6 3. Nc3 Nf6 4. Bb5 Nd4 5. e5 Nxb5 6. Nxb5 Nd5 7. Ng5 f6 8.
Qf3 Nc7 9. exf6 exf6 10. Qe4+ Ne6 11. Nxh7 d5 12. Qg6+ Kd7 13. Nxf8+ Qxf8 14.
d3 Qe8 15. Qxe8+ Rxe8 16. O-O b6 17. c3 a5 18. Na3 Ba6 19. Rd1 Re7 20. Be3 d4
21. cxd4 cxd4 22. Bc1 Nc5 23. Nc2 Rae8 24. Bd2 Nxd3 25. Nxd4 Nxb2 26. Rdb1 Nc4
27. Bc3 Kc7 28. h3 Ne5 29. a4 Nd3 30. Ra3 Nc5 31. Nb3 Ne4 32. Nd4 g6 33. Rab3
Kd7 34. Kh2 Bc4 35. Ra3 Kc7 36. Rc1 Nd6 37. Nf3 Re6 38. Nd2 Kb7 39. Bxa5 Bd5
40. Rd3 Bc6 41. Rb1 Nc8 42. Bxb6 Re1 43. Rb4 Nxb6 44. a5 R1e2 45. f3 R8e5 46.
Rxb6+ Kc7 47. Rc3 Rg5 48. Rbxc6+ Kb7 49. Kh1 Re1+ 50. Nf1 Rxf1+ 51. Kh2 Rf2
1/2-1/2

[Event "14PCR-PF01"]
[Site "?"]
[Date "2003.??.??"]
[Round "?"]
[White "Struzka, Vlastimil"]
[Black "Schauer, Jiri"]
[Result "1/2-1/2"]
[WhiteElo "2165"]
[BlackElo "2140"]
[PlyCount "62"]
[EventDate "2003.??.??"]
[EventType "corr"]
[EventRounds "2"]
[SourceDate "2004.??.??"]

1. d4 d5 2. c4 e6 3. Nf3 c6 4. Nc3 Nf6 5. e3 Nbd7 6. Bd2 Be7 7. Bd3 dxc4 8.
Bxc4 c5 9. O-O cxd4 10. exd4 Nb6 11. Bd3 O-O 12. Rc1 Bd7 13. Ne5 Rc8 14. Qf3
Bc6 15. Nxc6 Rxc6 16. Bb5 Rc7 17. Bf4 Bd6 18. Bg5 Be7 19. Bd3 Rd7 20. Qh3 h6
21. Be3 Bd6 22. Rfe1 Nbd5 23. Qh4 Nxe3 24. fxe3 e5 25. Ne4 Nxe4 26. Qxe4 f5 27.
Qd5+ Kh7 28. Bb5 Re7 29. Red1 e4 30. Qb3 Qb6 31. Rc3 f4 1/2-1/2

[Event "14PCR-PF01"]
[Site "?"]
[Date "2003.??.??"]
[Round "?"]
[White "Schauer, Jiri"]
[Black "Struzka, Vlastimil"]
[Result "0-1"]
[WhiteElo "2140"]
[BlackElo "2165"]
[PlyCount "57"]
[EventDate "2003.??.??"]
[EventType "corr"]
[EventRounds "2"]
[SourceDate "2004.??.??"]

1. e4 d6 2. d4 Nf6 3. Nc3 g6 4. f4 Bg7 5. Nf3 O-O 6. Bd3 Nc6 7. O-O Bg4 8. Qe1
Bxf3 9. Rxf3 Nxd4 10. Rh3 e6 11. Nd1 c5 12. c3 Nc6 13. Qh4 h5 14. Nf2 d5 15. e5
Nd7 16. Qg3 c4 17. Bc2 d4 18. Be4 d3 19. b3 Qa5 20. Bb2 Rfd8 21. Qe3 Qb6 22.
Bc1 Bf8 23. Qe1 Nc5 24. Be3 cxb3 25. axb3 Qxb3 26. Rd1 Nxe4 27. Nxe4 Be7 28.
Qf1 Qc4 29. Bd4 0-1

[Event "14PCR-PF01"]
[Site "?"]
[Date "2003.??.??"]
[Round "?"]
[White "Struzka, Vlastimil"]
[Black "Kesl, Ervin"]
[Result "1-0"]
[WhiteElo "2165"]
[BlackElo "2125"]
[PlyCount "87"]
[EventDate "2003.??.??"]
[EventType "corr"]
[EventRounds "2"]
[SourceDate "2004.??.??"]

1. d4 d5 2. c4 dxc4 3. Nf3 a6 4. e3 Bg4 5. Bxc4 e6 6. Nc3 Nf6 7. O-O Nc6 8. Bd2
Qd7 9. Rc1 Nd5 10. Nxd5 exd5 11. Be2 Bd6 12. Qb3 Rb8 13. h3 Bf5 14. Nh4 Be6 15.
Bd3 b5 16. Nf3 Bxh3 17. Rxc6 Bxg2 18. Rxd6 cxd6 19. Kxg2 Qg4+ 20. Kh2 Qxf3 21.
Qd1 Qf6 22. Qh5 g5 23. Kg3 h6 24. Rb1 Ke7 25. Rc1 Rhc8 26. Rxc8 Rxc8 27. Qg4
Rh8 28. Bf5 h5 29. Qf3 g4 30. Qxd5 h4+ 31. Kg2 g3 32. Qe4+ Kf8 33. fxg3 hxg3
34. Kxg3 Rg8+ 35. Bg4 Rg6 36. Qf4 Qe6 37. Kf3 Qc4 38. Kf2 Qc2 39. Ke2 Qc4+ 40.
Kd1 Qxa2 41. b4 d5 42. Qc7 Rf6 43. Qc8+ Kg7 44. Bf3 1-0